Statistics for Formula One Race Winners 1980s

Click here to take the quiz!

General Stats

  • This quiz has been taken 104 times
  • The average score is 15 of 21

Answer Stats

WinsDriver% Correct
39Alain Prost
99%
20Ayrton Senna
98%
15Nigel Mansell
97%
20Nelson Piquet
95%
8Niki Lauda
86%
7Alan Jones
84%
5Keke Rosberg
84%
2Riccardo Patrese
75%
7René Arnoux
73%
5Gerhard Berger
72%
2Gilles Villeneuve
70%
3Didier Pironi
67%
5Michele Alboreto
66%
3Carlos Reutemann
65%
4John Watson
60%
1Alessandro Nannini
56%
2Elio de Angelis
56%
3Jacques Laffite
56%
2Patrick Tambay
51%
2Thierry Boutsen
49%
1Jean-Pierre Jabouille
41%

Score Distribution

Percentile by Number Answered

Percent of People with Each Score

Your Score History

You have not taken this quiz